Erste deutsche Städte mit 100.000 Einwohnern - Statistiken

Allgemein
  • Dieses Quiz wurde 193 mal gespielt
    131 seit der letzten Aktualisierung
  • Das Durchschnittsergebnis liegt bei 20 aus 27
Antwortstatistiken
Jahr BL Stadt % Korrekt
1747 BE Berlin
100%
1787 HH Hamburg
100%
1852 NW Köln
97%
1874 BW Stuttgart
97%
1875 HE Frankfurt am Main
95%
1852 BY München
95%
1881 BY Nürnberg
95%
1875 HB Bremen
94%
1852 SN Dresden
94%
1875 NI Hannover
94%
1882 NW Düsseldorf
93%
1871 SN Leipzig
93%
1894 NW Dortmund
89%
1900 SH Kiel
84%
1897 BW Mannheim
81%
1896 NW Essen
80%
1882 ST Magdeburg
75%
1890 NI Braunschweig
74%
1883 SN Chemnitz
70%
1888 NW Aachen
69%
1899 HE Kassel
68%
1890 ST Halle (Saale)
64%
1884 HH Altona
43%
1893 BE Charlottenburg
39%
1888 NW Krefeld
32%
1884 NW Barmen
15%
1884 NW Elberfeld
15%
Keine übereinstimmenden Quizze gefunden
Verteilung der Resultate
Anzahl Personen mit jedem Resultat
Perzentil nach korrekt beantworteten Fragen
Ihre Resultats-Entwicklung
Sie haben dieses Quiz seit der letzten Aktualisierung nicht gespielt